[Event "Dortmund SuperGM 40th"]
[Site "Dortmund"]
[Date "2012.07.16"]
[Round "4"]
[White "Leko, Peter"]
[Black "Caruana, Fabiano"]
[Result "1/2-1/2"]
[WhiteElo "2730"]
[BlackElo "2775"]
[Annotator "Kritz,L"]
[PlyCount "84"]
[EventDate "2012.07.13"]
[EventType "tourn"]
[EventRounds "9"]
[EventCountry "GER"]
[EventCategory "19"]
[SourceTitle "CBM 150"]
[Source "ChessBase"]
[SourceDate "2012.09.14"]
[SourceVersion "1"]
[SourceVersionDate "2012.09.14"]
[SourceQuality "1"]

1. e4 e6 2. d4 d5 3. Nc3 Bb4 4. e5 c5 5. a3 Bxc3+ {Es gibt noch eine alte
Variante - 5...Ba5, die zuletzt jedoch selten gespielt wurde, und hier ist
warum:} (5... Ba5 6. b4 cxd4 7. Nb5 Bc7 8. f4 Bd7 9. Nxc7+ Qxc7 10. Nf3 Ba4 11.
Bd3 Qc3+ 12. Bd2 Qxd3 13. cxd3 Bxd1 14. Kxd1 Ne7 15. Nxd4 $14) 6. bxc3 Ne7 7.
Qg4 $1 {Weiß kann nur so um Vorteil kämpfen, andere Züge führen zu nichts.} (7.
Nf3 b6 8. Bb5+ Bd7 9. Bd3 Ba4 10. h4 h6 11. h5 c4 12. Be2 Kd7 $1 {Das ist die
richtige Idee - die Dame geht nach h7 und der König zum Damenflügel.} 13. Bf4
Qg8 14. Nd2 Qh7 15. Ra2 Na6 $11 {Bologan - Vitiugov (Dagomys, 2010)}) ({Nach} 
7. a4 Qa5 8. Bd2 Nbc6 9. Nf3 Bd7 10. Bb5 Qc7 11. O-O O-O $132 {entsteht eine
Stellung mit guten Gegenchancen.}) 7... cxd4 {Die Hauptalternative heute ist
der Zug 7...0-0:} (7... O-O 8. Bd3 f5 (8... Nbc6 9. Qh5 Ng6 10. Nf3 Qc7 11. Be3
c4 12. Bxg6 fxg6 13. Qg4 Qf7 14. Ng5 Qe8 15. h4 $36) 9. exf6 Rxf6 10. Bg5 Rf7
11. Qh5 g6 12. Qd1 Nbc6 13. Nf3 c4 14. Be2 $14) 8. Qxg7 Rg8 9. Qxh7 Qc7 10. Ne2
(10. cxd4 $4 Qc3+ $19) 10... Nbc6 11. f4 dxc3 12. Qd3 {So lange waren die Züge
für beide Seiten erzwungen, nun hat Schwarz die Wahl.} (12. h4 $5 {Diese
Variante hat Leko später im selben Turnier gespielt.}) 12... d4 13. Nxd4 {
Eine gute Möglichkeit ist auch 13.Ng3.} (13. Ng3 Bd7 14. Be2 O-O-O 15. O-O Qb6
16. Ne4 Nd5 17. Nd6+ Kb8 18. Nxf7 $16 {Karjakin - Kamsky (Nalchik, 2009)})
13... Nxd4 14. Qxd4 Bd7 (14... Nf5 15. Bb5+ Bd7 16. Qxd7+ Qxd7 17. Bxd7+ Kxd7
18. Kf2 $16 {Greet - Pyrich (Edinburgh, 2009)}) 15. Rg1 Nf5 {Schwarz kann noch
nicht lang rochieren.} (15... O-O-O $4 16. Qxa7 $18) 16. Qf2 Qc6 {Weiß wollte
g4 spielen, Schwarz hindert ihn daran.} (16... Bc6 17. g4 $16) 17. Bd3 $1 (17.
g4 $2 Qe4+ 18. Be2 Nd4 $17) 17... Qd5 18. Rb1 Bc6 19. Rb3 O-O-O 20. Rxc3 Kb8
21. g4 {Das ist der Hauptzug, die Alternativen sind nicht ausreichend.} (21.
Rc5 $5 Qa2 22. Rxc6 $5 {Ein strategischer Qualitätsopfer. Weiß zerstört das
schwarze Angriffspotenzial und hat mit dem Läuferpaar und zwei Bauern gute
Kompensation.} bxc6 23. Qc5 Rxd3 $1 {Schwarz findet den besten Weg, um die
Partie gleich zum Remis zu führen.} (23... Qd5 $2 24. Qxd5 cxd5 25. Kf2 $16 {
Das Endspiel ist natürlich viel besser für Weiß.}) 24. cxd3 Rxg2 25. Rxg2 Qxg2
$11 {Ganguly - Shulman (Ningbo, 2011)}) (21. Qc5 Rxg2 22. Qxd5 Rxg1+ 23. Kf2
Rdg8 $3 {Schwarz hatte gute Kompensation nach} 24. Qd8+ Rxd8 25. Kxg1 Rg8+ 26.
Kf1 Nh4 27. Be2 Rg2 $15 {Muzychuk - Lahno (Moscow, 2010)}) (21. Rc4 b6 22. g4
Bb5 {Es ist offensichtlich, dass Schwarz eine starke Initiative besitzt.} 23.
Rc3 Nd4 24. Bxb5 Qxb5 $36 {Kuipers - Stellwagen (Netherlands, 2011)}) 21... Nd4
22. Rg3 Qh1+ {Der stärkere von zwei Damenzügen.} (22... Qa2 23. Be3 Qa1+ 24.
Kd2 Nxc2 25. Bxa7+ Ka8 26. Rxc2 Ba4 27. Bc5 Bxc2 28. Kxc2 Rc8 29. Kb3 Qd1+ 30.
Kb2 Rgd8 31. Bd6 $18 {Ernst - Einarsson (Reykjavik, 1990)}) 23. Bf1 {Nach Qf1
hat Schwarz die Chance, ein Endspiel mit ungleichfarbigen Läufern zu bekommen.}
(23. Qf1 Nf3+ 24. Kf2 Qxh2+ 25. Qg2 Qxg2+ 26. Rxg2 Ne1 27. Rg3 Nxd3+ 28. Rcxd3
(28. cxd3 Rh8 $44) 28... Be4 29. Rxd8+ Rxd8 $11 {Przewoznik - Barbulescu 
(Naleczow, 1988)}) 23... b6 {Die stärkste Fortsetzung.} (23... Rxg4 24. Rxg4
Nf3+ 25. Rxf3 Bxf3 26. Qg1 Rd1+ 27. Kf2 Rxc1 (27... Qxg1+ 28. Rxg1 Rxc1 29.
Kxf3 $18) 28. Qxh1 Bxh1 29. Bd3 $18 {Leviczki - Racz (Hungary, 2011)}) (23...
Qe4+ 24. Be3 Nb5 25. Rd3 $16) 24. Bb2 {Das ist eine neue Idee, früher wurde
nur 24.a4 gespielt.} (24. a4 Qe4+ 25. Rge3 Qd5 26. Red3 Qa5 27. Ba3 Nb5 28. Qd2
Rxd3 29. Rxd3 Nxa3 30. Rxa3 Qxd2+ 31. Kxd2 Rxg4 $44 {Borisovs - Cerrato (ICCF
email 2009/Corr 2011)}) 24... Be4 (24... Rh8 25. h3 Be4 26. a4 $14) 25. a4 {
Weiß will a5 spielen und den schwarzen König schwächen. Daher spielt Schwarz ..
.Rd5, um a5 zu verhindern.} Rd5 26. Ba3 (26. a5 Nxc2+ $1 27. Rxc2 Bxc2 28. Qxc2
Rgd8 $17 {Weiß ist hilflos gegen die Drohung ...Rd1.}) 26... Rc8 27. Bd6+ Kb7
28. Rxc8 Nf3+ $4 {Ein Fehler, der von Leko nicht ausgenutzt wird.} (28... Kxc8
29. c4 Nc2+ 30. Ke2 Rd4 $44) 29. Ke2 Rd2+ (29... Kxc8 30. Rxf3 Bxf3+ 31. Qxf3
Rd2+ 32. Ke3 Qxf3+ 33. Kxf3 Rxh2 34. Bd3 $18) 30. Ke3 Kxc8 31. Rg1 $4 {Weiß
greift ebenfalls fehl. Nach 31.Ba6+ könnte er gewinnen.} (31. Ba6+ Kd8 32. Qf1
Qxh2 (32... Qxf1 33. Bxf1 $18) 33. Rh3 $18) 31... Nxg1 {Nun kommt die Stellung
langsam zum Gleichgewicht.} 32. Kxd2 (32. Ba6+ Bb7 33. Bxb7+ Kxb7 34. Kxd2 Nf3+
(34... Nh3 $2 35. Qg3 Qf1 36. Qe3 Nxf4 37. Qe4+ Ka6 38. h4 $18) 35. Kd3 Qd1+
36. Ke3 Nd4 $44) 32... Nf3+ 33. Kc3 Nxh2 34. Be2 (34. Ba6+ Bb7 35. Bxb7+ Kxb7
$44) 34... Qa1+ 35. Kd2 Qh1 36. Qg3 $2 {Führt sofort zum Remis. Die letzte
Chance war 36.a5.} (36. a5 $5 Kb7 37. axb6 axb6 38. Be7 Nf3+ 39. Ke3 Nh2 $44 {
und Schwarz hat immer noch genug Kompensation.}) 36... Nf1+ $1 {Das Endspiel
mit ungleichfarbigen Läufern ist einfach Remis.} 37. Bxf1 Qxf1 38. Qe3 Qg2+ 39.
Qe2 Qxe2+ 40. Kxe2 Bxc2 41. a5 bxa5 42. Kd2 Bg6 1/2-1/2

[Event "Dortmund SuperGM 40th"]
[Site "Dortmund"]
[Date "2012.07.21"]
[Round "8"]
[White "Leko, Peter"]
[Black "Bartel, Mateusz"]
[Result "1-0"]
[WhiteElo "2730"]
[BlackElo "2674"]
[Annotator "Kritz,L"]
[PlyCount "65"]
[EventDate "2012.07.13"]
[EventType "tourn"]
[EventRounds "9"]
[EventCountry "GER"]
[EventCategory "19"]
[SourceTitle "CBM 150"]
[Source "ChessBase"]
[SourceDate "2012.09.14"]
[SourceVersion "1"]
[SourceVersionDate "2012.09.14"]
[SourceQuality "1"]

1. e4 e6 2. d4 d5 3. Nc3 Bb4 4. e5 c5 5. a3 Bxc3+ (5... Ba5 6. b4 cxd4 7. Nb5
Bc7 8. f4 Bd7 9. Nxc7+ Qxc7 10. Nf3 Ba4 11. Bd3 Qc3+ 12. Bd2 Qxd3 13. cxd3 Bxd1
14. Kxd1 Ne7 15. Nxd4 $14) 6. bxc3 Ne7 7. Qg4 (7. Nf3 b6 {Der einfachste Weg
zum Ausgleich.} 8. Bb5+ Bd7 9. Bd3 Ba4 10. h4 h6 11. h5 c4 12. Be2 Kd7 $1 {
Das ist die richtige Idee - die Dame geht nach h7 und der König zum
Damenflügel.} 13. Bf4 Qg8 14. Nd2 Qh7 15. Ra2 Na6 $11 {Bologan - Vitiugov 
(Dagomys, 2010)}) ({Nach} 7. a4 Qa5 8. Bd2 Nbc6 9. Nf3 Bd7 10. Bb5 Qc7 11. O-O
O-O $132 {entsteht eine Stellung mit guten Gegenchancen.}) 7... Qc7 {Nun folgt
eine Serie von erzwungenen Zügen.} (7... O-O 8. Bd3 f5 (8... Nbc6 9. Qh5 Ng6
10. Nf3 Qc7 11. Be3 c4 12. Bxg6 fxg6 13. Qg4 Qf7 14. Ng5 Qe8 15. h4 $36) 9.
exf6 Rxf6 10. Bg5 Rf7 11. Qh5 g6 12. Qd1 Nbc6 13. Nf3 c4 14. Be2 $14) 8. Qxg7
Rg8 9. Qxh7 cxd4 10. Ne2 (10. cxd4 $4 Qc3+ $19) 10... dxc3 11. f4 Nbc6 12. h4
$5 {Ein seltener aber interessanter Zug. Die Hauptfortsetzung ist 12.Qd3} (12.
Qd3 d4 (12... Bd7 13. Rb1 $1 {Meiner Meinung nach der einfachste Weg zum
leichten Vorteil.} O-O-O 14. Rg1 d4 15. g4 $14) 13. Nxd4 {Gute Moeglichkeit zu
spielen ist auch 13.Ng3} (13. Ng3 Bd7 14. Be2 O-O-O 15. O-O Qb6 16. Ne4 Nd5 17.
Nd6+ Kb8 18. Nxf7 $16 {Karjakin - Kamsky (Nalchik, 2009)}) 13... Nxd4 14. Qxd4
Bd7 15. Rg1 Nf5 {Schwarz kann noch nicht lang rochieren.} (15... O-O-O $4 16.
Qxa7 $18) 16. Qf2 Qc6 {Weiß wollte g4 spielen, Schwarz stört ihn daran.} (16...
Bc6 17. g4 $16) 17. Bd3 $1 (17. g4 $2 Qe4+ 18. Be2 Nd4 $17) 17... Qd5 18. Rb1
Bc6 19. Rb3 O-O-O 20. Rxc3 $14 {Ganguly - Shulman (Ningbo, 2011)}) 12... Bd7
13. h5 {Die Idee von Weiß ist leicht zu verstehen - er will so schnell wie
möglich den Bauern nach vorne bringen, um die schwarzen Figuren zu binden.} (
13. Rh3 $6 {Diese Idee sieht logisch aus, hat jedoch einen drastischen
Nachteil - die weiße Dame wird aus dem Spiel ausgeschaltet.} O-O-O 14. Rxc3 Nf5
$1 15. Qh5 d4 $44 {Ljubojevic - Beliavsky (Thessaloniki, 1984)}) 13... O-O-O
14. Qd3 {Diese Stellung konnte man auch mit der Zugfolge 12.Qd3 erreichen.} Nf5
{In dieser Stellung hat Schwarz keine Zeit zu verlieren und kann daher kaum 14.
..d4 spielen.} (14... d4 15. h6 Be8 16. h7 {Weiß ist sehr schnell, sein Bauer
wird stark und der schwarze Turm ist gezwungen, eine passive Stellung zu
nehmen.} Rh8 17. g4 $1 {Weiß muss sehr genau spielen.} (17. Rh3 $2 f6 $1 18.
exf6 Bg6 (18... Nd5 19. Nxd4 Nxd4 20. Qxd4 $14 {Navara - Petrik (Hustopece,
2010)}) 19. fxe7 Bxd3 20. exd8=Q+ Qxd8 21. Rxd3 Qh4+ 22. g3 Qh2 $11) 17... f6
18. exf6 Bg6 19. f5 Nxf5 20. gxf5 Bxf5 21. Bf4 Qb6 (21... Bxd3 22. Bxc7 Kxc7
23. cxd3 $16) 22. Qc4 Qb2 23. Bg2 Qxa1+ 24. Kf2 Qb2 25. Bxc6 $18) 15. h6 {
Der direkteste Versuch. Öfter wird 15.Rb1 gespielt.} ({Nach} 15. Qxc3 d4 {
hat Schwarz gute Kompensation:} 16. Qd3 Nce7 17. h6 Ba4 18. h7 Rh8 $44 {
Vallejo Pons - Arizmendi Martinez (El Sauzal, 2010)}) (15. Rb1 d4 (15... Na5
16. Rg1 Nc4 17. g4 Qc5 18. Qxc3 Nh4 19. Rg3 $14 {Edouard - Zhukova 
(Aix-les-Bains, 2011)}) 16. Rg1 f6 17. g4 fxe5 18. gxf5 exf5 19. Rxg8 Rxg8 $44
{Brkic - Martinovic (Zagreb, 2012). Es kann sein, dass Weiß hier besser steht,
aber die Stellung ist sehr scharf und hat überhaupt kein strategisches Bild.})
15... Rg6 (15... d4 $2 16. h7 Rh8 17. g4 Nfe7 18. Bg2 $16 {Weiß hat sehr viel
Zeit gewonnen.}) 16. h7 Rh8 17. Be3 $5 (17. Rh3 d4 18. Rb1 Be8 19. Qf3 Qd8 20.
g4 Nh4 21. Qh1 Rxg4 $17 {Bronstein - Uhlmann (Tallinn, 1977)}) 17... d4 $2 {
Schwarz sollte nun den Läufer nehmen.} (17... Qa5 18. Bf2 Nh6 19. Qxc3 Qxc3+
20. Nxc3 Rxh7 21. Bd3 $18) (17... Kb8 18. Bf2 Rg7 19. Rb1 d4 20. g3 $14 {
Pieczonka - Bakiera (Poland, 2007)}) (17... Nxe3 $5 {Das ist der kritische Zug.
Ich kann nicht sagen, wie Leko hier auf Vorteil spielen wollte.} 18. Qxe3 Rg7
$1 {Schwarz will den Bauern h7 gewinnen und damit eine strategisch bessere
Stellung bekommen.} 19. O-O-O (19. Nxc3 d4 20. Qd3 Qa5 $19) 19... Rgxh7 20.
Rxh7 Rxh7 21. Nxc3 a6 22. Na4 Ne7 23. Bd3 Rh8 24. Nb6+ Kb8 $11) 18. Bf2 $1 {
Weiß behält den Läufer und die Kontrolle über die schwarzen Felder.} (18. Bxd4
Ncxd4 19. Nxd4 Rg3 20. Nf3 Bc6 $44) 18... Qa5 (18... Rg7 {Schwarz kann nicht
im nächsten Zug auf h7 nehmen.} 19. Rh3 a6 (19... Rgxh7 20. Rxh7 Rxh7 21. g4
$18) 20. Rb1 Qa5 21. Nxd4 Ncxd4 22. Bxd4 Nxd4 23. Qxd4 Rgxh7 24. Qxc3+ Qxc3+
25. Rxc3+ $16) 19. Rh3 f6 $1 {Schwarz muss die Stellung öffnen, um an den
gegnerischen König ranzukommen.} (19... Rg7 20. Nxd4 Ncxd4 21. Bxd4 Nxd4 22.
Qxd4 Rgxh7 23. Qxc3+ Qxc3+ 24. Rxc3+ $16) 20. Nxd4 {Es sieht so aus, als ob
Weiß nach 20.exf6 zu großem Vorteil kommen würde, doch die Stellung ist so
scharf, dass es sicherlich praktischer ist, einfach auf d4 zu nehmen und einen
stabilen Vorteil zu bekommen.} (20. exf6 e5 (20... Rxf6 21. Nxd4 e5 22. Nxc6
Bxc6 23. g4 Ne7 24. fxe5 Qxe5+ 25. Qe3 $18) 21. f7 $1 Rf6 22. g4 Rxf7 (22...
Ne3 23. Bxe3 dxe3 24. g5 Rxf7 25. g6 Rg7 26. Rg3 exf4 27. Nxf4 $18) 23. gxf5
Bxf5 24. Qc4 Rfxh7 (24... Bxh3 25. Bxh3+ Kb8 26. Qxf7 $18) 25. Rxh7 Rxh7 26.
fxe5 d3 (26... Bxc2 27. Bxd4 $18) 27. cxd3 c2+ 28. Qc3 Qxc3+ 29. Nxc3 Nxe5 30.
d4 (30. Kd2 Rh2 $17) 30... Nf3+ 31. Ke2 Bg4 32. Ke3 Rh1 33. Bg3 $18) 20... fxe5
(20... Ncxd4 21. Bxd4 Nxd4 22. Qxg6 $18) 21. Nxf5 {Wieder die einfachste
Entscheidung.} exf5 22. Rd1 {Weiß bringt alle seine Figuren ins Spiel.} (22.
Qxc3 Qxc3+ 23. Rxc3 exf4 24. Bxa7 Rxh7 $14) 22... Rg7 (22... Be6 23. Qd6 exf4
24. Bd4 Nxd4 25. Qxd4 $18) 23. Qxc3 Qxc3+ 24. Rxc3 {Das Endspiel ist viel
besser für Weiß.} exf4 (24... Kb8 25. fxe5 Nxe5 (25... Rgxh7 26. Bg3 $18) 26.
Bd4 Re7 27. Re3 $18) 25. Bxa7 Rhxh7 26. Bc5 $1 {Die Idee von Weiß ist klar -
er will den Läufer nach d6 stellen und den Bauern f4 gewinnen. Schwarz kann
kaum etwas dagegen machen.} Be8 (26... Rg3 27. Rxg3 fxg3 28. Bd6 Rh4 29. Bxg3
Re4+ 30. Kd2 Ra4 31. Bd6 Rd4+ 32. Kc1 $18) 27. Bd6 Rh4 28. Kf2 {Die Stellung
ist fast schon gewonnen für Weiß.} Rd7 29. Rdd3 (29. Be2 Bh5 30. Bxh5 Rxh5 31.
Rcd3 Rh4 32. Kf3 $18) 29... Bh5 (29... Bf7 30. Be2 Bh5 31. Bxh5 Rxh5 32. Bxf4
Rxd3 33. cxd3 $18) 30. Rc4 Rg4 31. Bxf4 Re7 32. g3 Rg8 33. Ra4 1-0

[Event "Berliner Sommer 15th"]
[Site "Berlin"]
[Date "1997.??.??"]
[Round "3"]
[White "Lautier, Joel"]
[Black "Poldauf, Dirk"]
[Result "1-0"]
[WhiteElo "2660"]
[BlackElo "2455"]
[Annotator "Lautier,J"]
[PlyCount "81"]
[EventDate "1997.08.??"]
[EventType "swiss"]
[EventRounds "9"]
[EventCountry "GER"]
[SourceTitle "CBM 059 Extra"]
[Source "ChessBase"]
[SourceDate "1997.09.26"]
[SourceVersion "1"]
[SourceVersionDate "1997.09.26"]
[SourceQuality "1"]

1. e4 e6 2. d4 d5 3. Nc3 Bb4 4. e5 c5 5. a3 Bxc3+ 6. bxc3 Ne7 7. Qg4 Qc7 8. Bd3
cxd4 9. Ne2 dxc3 10. Qxg7 Rg8 11. Qxh7 Nbc6 12. Bf4 Bd7 13. O-O O-O-O 14. Bg3
d4 15. Rfe1 Be8 $2 16. Nf4 $1 $16 Rg5 $6 (16... Nxe5 $2 17. Nxe6 fxe6 18. Bxe5
$18) (16... Kb8 17. Bh4 $1 {/\ Bf6, h4-h5-h6} (17. Nh5 $16)) 17. Qh6 Rg8 (17...
Rxe5 $2 18. Nxe6 $1 fxe6 19. Bxe5 Nxe5 20. Qxe6+ $18) 18. Bh7 Rh8 19. Qg7 Bd7
20. Qxf7 Rhf8 21. Qg7 Nf5 22. Bxf5 Rxf5 23. Rab1 Rdf8 (23... Rxe5 24. Nxe6 $18)
(23... Qa5 24. Nxe6 $18) 24. Nd5 $1 Qd8 (24... exd5 25. e6 $18) 25. Nf6 b6 26.
h4 $18 R5xf6 (26... Qe7 27. Qg4 $18 {/\ h5}) 27. exf6 Qxf6 28. Qxf6 Rxf6 29.
Rb5 Be8 30. Rg5 (30. h5 $142 Rh6 31. Bf4 Rxh5 32. Rxh5 Bxh5 33. Rxe6 $18) 30...
Bg6 31. Rc1 Kb7 32. h5 Bf5 33. Rg7+ Ka6 34. Bh4 Rf8 35. f3 e5 36. g4 Be6 37. h6
d3 38. cxd3 Nd4 39. Kh2 c2 (39... Nxf3+ 40. Kh3 $18 (40. Kg3 Nd4 {/\ Ne2})) 40.
h7 Bb3 41. Bf6 (41. Bf6 Ne2 42. Rxc2 Bxc2 43. Rg8 $18) 1-0

[Event "Belgrade Investbank"]
[Site "Belgrade"]
[Date "1995.??.??"]
[Round "5"]
[White "Leko, Peter"]
[Black "Beliavsky, Alexander G"]
[Result "1/2-1/2"]
[WhiteElo "2605"]
[BlackElo "2650"]
[Annotator "Leko,P"]
[PlyCount "47"]
[EventDate "1995.11.??"]
[EventType "tourn"]
[EventRounds "11"]
[EventCountry "YUG"]
[EventCategory "17"]
[SourceTitle "CBM 051"]
[Source "ChessBase"]
[SourceDate "1996.04.01"]
[SourceVersion "1"]
[SourceVersionDate "1996.04.01"]
[SourceQuality "1"]

1. e4 e6 2. d4 d5 3. Nc3 Bb4 4. e5 c5 5. a3 Bxc3+ 6. bxc3 Ne7 7. Qg4 Qc7 8. Bd3
c4 9. Be2 Nf5 10. Nf3 Nc6 11. Qh5 Bd7 $2 (11... h6 $1) 12. g4 $1 Qa5 $8 (12...
Nfe7 13. Ng5 Ng6 14. f4 Nce7 15. O-O $16 {Almasi,Z-Masserey Horgen "B" 1995})
13. Bd2 Nh6 $1 $8 (13... Nfe7 14. Ng5 Ng6 (14... g6 15. Qh6 $16) 15. f4 $16)
14. Qg5 $1 (14. Rb1 O-O-O 15. Bxh6 gxh6 16. Kd2 Rhg8 17. Rhg1 Rg6 $13) (14. Ng5
O-O-O 15. f4 Rdf8 $13) 14... O-O 15. Rb1 $1 (15. Qh5 f6 $1 16. exf6 Rxf6 17.
Qh3 (17. g5 Rf5) 17... Rff8 $1 18. Ne5 Nxe5 19. dxe5 Nf7 20. Qg3 Ba4 $1 $13)
15... f6 (15... b5 $5) 16. exf6 Rxf6 17. Rxb7 Rg6 18. Qf4 {*} e5 $8 (18... Bc8
19. Qc7 $1 (19. Rc7 e5 $1) 19... Bxb7 20. Qxb7 Rb8 21. Qxc6 e5 22. Qc5 $16) 19.
Nxe5 Nxe5 20. Qxe5 $2 (20. dxe5 $1 Bxg4 21. Rg1 $1 Rf8 (21... Bxe2 22. Rxg6
hxg6 23. Rxg7+ $1 (23. Kxe2 Nf5) 23... Kxg7 24. Qxh6+ Kf7 25. Qh7+ Ke6 26.
Qxg6+ Kd7 (26... Kxe5 27. f4#) 27. Qd6+ Kc8 28. Qc6+ $18) 22. Qd4 Bxe2 23. Rxg6
hxg6 24. Kxe2 $16) 20... Re8 21. Rb8 Rge6 22. Rxe8+ (22. Qxe6+ Bxe6 23. Rxe8+
Kf7 24. Rh8 Nxg4 25. Rxh7 Qxa3 26. O-O Nf6 27. Rh4 Qb2 $17) 22... Rxe8 23. Qf4
Nxg4 $1 $138 (23... Bxg4 24. f3 Bf5 25. Rg1 Bg6 26. Kf2 $44) 24. Rg1 (24. f3
Qxa3 25. O-O Nf6 26. Rf2 a5 27. Rg2 Qe7 $17) (24. Rg1 Qxa3 25. Rg3 Qb2 $3 (
25... Qa1+ 26. Bc1 Rf8 27. Qd2 $1 (27. Qg5 h6 28. Qxd5+ Kh8 $17) 27... Nxf2 28.
Rxg7+ $1 $10) 26. Rf3 (26. Be3 Qxc3+ 27. Kf1 Nxe3+ 28. Rxe3 Qxe3 $1 29. fxe3
Rf8 $19) (26. Kf1 Rf8 $19) 26... Nf6 27. Kf1 Qxc2 $17) 1/2-1/2

[Event "ARM-ch 72nd"]
[Site "Yerevan"]
[Date "2012.01.22"]
[Round "11"]
[White "Andriasian, Zaven"]
[Black "Minasian, Artashes"]
[Result "1/2-1/2"]
[WhiteElo "2624"]
[BlackElo "2525"]
[Annotator "Let's Check"]
[PlyCount "62"]
[EventDate "2012.01.11"]
[EventType "tourn"]
[EventRounds "11"]
[EventCountry "ARM"]
[EventCategory "13"]
[SourceTitle "CBM 147"]
[Source "ChessBase"]
[SourceDate "2012.03.16"]
[SourceVersion "1"]
[SourceVersionDate "2012.03.16"]
[SourceQuality "1"]

1. e4 e6 2. d4 d5 3. Nc3 Bb4 4. e5 c5 5. a3 Bxc3+ 6. bxc3 Qc7 7. Qg4 f5 8. Qg3
Nc6 9. Nf3 cxd4 10. cxd4 Nge7 11. Bd2 O-O 12. Bd3 Bd7 13. O-O Be8 14. h4 Bh5
15. Ng5 Nxd4 16. c3 f4 17. Qh3 Nb3 18. Nxe6 Qc8 19. Ra2 Nc5 20. Nxc5 Qxc5 21.
Rb2 b6 22. Rb4 f3 23. g4 Bg6 24. Bxg6 Nxg6 25. Re1 Ne7 26. Qg3 Nc6 27. Rf4 Rxf4
28. Bxf4 Rf8 29. e6 Qxc3 30. Re3 $2 (30. Rc1 Qf6 31. Rxc6 $11) 30... Qc4 $19
31. Bg5 Nd4 $6 (31... h6 32. Bxh6 gxh6 $17) 1/2-1/2

[Event "EU-ch 13th"]
[Site "Plovdiv"]
[Date "2012.03.29"]
[Round "9"]
[White "Hagen, Andreas Skytte"]
[Black "Erturan, Yakup"]
[Result "1-0"]
[WhiteElo "2453"]
[BlackElo "2370"]
[Annotator "Let's Check Training"]
[PlyCount "63"]
[EventDate "2012.03.20"]
[EventType "swiss"]
[EventRounds "11"]
[EventCountry "BUL"]
[SourceTitle "CBM 148"]
[Source "ChessBase"]
[SourceDate "2012.05.16"]
[SourceVersion "1"]
[SourceVersionDate "2012.05.16"]
[SourceQuality "1"]

1. e4 e6 2. d4 d5 3. Nc3 Bb4 4. e5 c5 5. a3 Bxc3+ 6. bxc3 Qc7 7. Qg4 f5 8. Qg3
Nc6 9. Ne2 cxd4 10. cxd4 Nge7 11. c3 O-O 12. h4 Bd7 13. h5 Rac8 14. h6 g6 15.
Rh3 Rf7 16. Nf4 Kh8 17. Rb1 Rg8 18. Bd3 g5 19. Ne2 f4 20. Qg4 Nxe5 21. dxe5
Qxe5 22. Bb2 Qd6 $4 23. Qh5 Rf6 24. c4 e5 25. cxd5 Bxh3 26. Qxh3 Qxd5 27. Bc4
Qxc4 28. Bxe5 Rgf8 29. Rxb7 Qe4 30. Qe6 Nd5 31. Bxf6+ Nxf6 {[%tqu "En","","",
"","e6f6","",10]} 32. Qxf6+ $1 1-0